| 000 | 00936nam a22002777a 4500 | ||
|---|---|---|---|
| 999 |
_c5635 _d5635 |
||
| 005 | 20251010155007.0 | ||
| 008 | 251010b ||||| |||| 00| 0 eng d | ||
| 020 | _a9780241377284 | ||
| 040 | _cKH8 | ||
| 082 | _a823.914 DAH | ||
| 100 |
_aDAHL,ROALD _eAUTHOR |
||
| 245 | _aROALD DAHL BILLY AND THE MINPINS | ||
| 260 | _b80 Strand,London WC2R 0RL | ||
| 300 |
_a93 PAGES _bb illustration _c18cm x 13cm |
||
| 500 | _aIllustrated by Quentin Blake for the first time. | ||
| 520 | _a'THAT WOOD', HIS MOTHER SAID 'IS FULL OF THE MOST BLOODTHIRSTY WILD BEASTS IN THE WORLD.' | ||
| 521 | _aAges 8-11 years old. | ||
| 650 |
_2 Imaginary societies _aJuvenile fiction |
||
| 650 |
_2Boys _aJuvenile fiction |
||
| 650 |
_2Imagination _aJuvenile fiction |
||
| 650 |
_2Magic _aJuvenile fiction |
||
| 650 |
_2Monsters _aJuvenile fiction |
||
| 655 | _aFantasy fiction | ||
| 700 |
_aBlake,Quentin _eIllustrator |
||
| 942 |
_2ddc _cNFIC |
||